| 000 | 00780nam a22002057a 4500 | ||
|---|---|---|---|
| 999 |
_c17303 _d17303 |
||
| 003 | AR-CdUCM | ||
| 008 | 190508b ||||| |||| 00| 0 spa d | ||
| 040 |
_aMUNICIPALIDAD PROVINCIAL DEL CUSCO _cBIBLIOTECA MUNICIPAL DEL CUSCO |
||
| 082 |
_a374.5 / _bF17 |
||
| 110 |
_aLey de derechos del autor N°13714 _937233 |
||
| 245 |
_aLey del estatuto y escalafón del magisterio peruano : _bLey de enseñanza gratuita N° 14693 y su reglamentación decreto supremo N°. 70 |
||
| 260 |
_aLima : _bTHESIS, _c1965. |
||
| 300 |
_a76 paginas ; _c17 cm. |
||
| 505 | _aContenido :Legislación magisterial en Perú / | ||
| 650 |
_aLegislación magisterial _937234 |
||
| 650 |
_aEscalafón _937235 |
||
| 650 |
_aCarrera magisterial _937236 |
||
| 942 |
_2ddc _cLIBROS |
||
| 945 |
_arjall _d2019-05-08 |
||